000 00875 a2200229 4500
003 Nust
005 20221006133635.0
010 _a 96176510
020 _a013309667X
035 _a(OCoLC)33970860
040 _cNust
082 0 0 _a629.8,ADV
245 0 0 _aAdvanced control with MATLAB and SIMULINK /
_cedited by Jerzy Moⳣi⮳ki, Zbigniew Ogonowski.
246 1 4 _aAdvanced control with MATLAB & SIMULINK
260 _aLondon ;
_aNew York :
_bE. Horwood,
_c1995.
300 _axiv, 251 p. :
_bill. ;
_c24 cm.
505 _aBasic Systems Dynamics (Page-1), Control System Design (Page-53), Process Identification (Page-108), Neural Networks in Identification and Control (Page-150), Adaptive Control (Page-210).
650 0 _aTelecommunication Engineering
700 1 _aMoⳣi⮳ki, Jerzy.
_999301
700 1 _aOgonowski, Zbigniew,
_d1954-
_999302
942 _cREF
_2ddc
999 _c175931
_d175931